Statistics for Departments of Paraguay Map Quiz

Click here to take the quiz!

General Stats

  • This quiz has been taken 451 times
  • The average score is 9 of 17

Answers on the Map

Answers color-coded by a green-red scale on the quiz's map according to % correct below.
 

Answer Stats

Answer% Correct
Alto Paraguay
75%
Presidente Hayes
61%
Boquerón
57%
Central
57%
Misiones
57%
Alto Paraná
54%
Concepción
51%
San Pedro
50%
Cordillera
48%
Paraguarí
47%
Amambay
46%
Itapúa
46%
Caaguazú
44%
Ñeembucú
44%
Caazapá
43%
Guairá
41%
Canindeyú
38%

Score Distribution

Percentile by Number Answered

Percent of People with Each Score

Your Score History

You have not taken this quiz